000 00281nam a2200145Ia 4500
100 _aBeighley/Lynn
650 _aSQL
942 _cBK
366 _f25
245 _aHead First SQL
260 _bO'reilly
_c2007
300 _a571
546 _aENGLISH
_celectronics
999 _c34828
_d34828